000 00388pab a2200157 454500
008 180718b2002 xxu||||| |||| 00| 0 eng d
100 _aAlderman, Keith
245 _aThe conservative party leadership election of 2001
260 _c2002
300 _ap.569-85.
362 _aJul
650 _aElections
700 _aCarter, Neil
773 _aParliamentary Affairs
909 _a53212
999 _c53212
_d53212